000 01135nam a22002777a 4500
005 20110714121734.0
008 110714t xxu||||| |||| 00| 0 eng d
010 _aENG-103026
020 _a9789350350461
_c650.00
035 _aEN-86559
037 _bDBAD / PUB
040 _adpl
_bEnglish
082 _a340.92
100 _929416
_aTewatia, Debi Singh
245 _aA journey less travelled /
_cby Debi Singh Tewatia
260 _aNew Delhi
_bUniversal Law Publishing
_c2011
270 _aC-FF-1A, Dilkhush Industrial Estate, G.T. Karnal Road
_bNew Delhi
_e110033
300 _axviii,394p. :
_c25cm (Hb)
_bill., col. photos
520 _aA compilation of true stories written by teenagers, and by adults writing about their teenage years, focusing on teen relationships with parents, friends, crushes, boyfriends and girlfriends.
650 _929417
651 _929488
700 _929429
942 _2ddc
_cEN
_mTEW
_h340.92
999 _c53875
_d53875